Grounded theory : (Record no. 2767)

MARC details
000 -LEADER
fixed length control field 02733cam a2200325 i 4500
001 - CONTROL NUMBER
control field 22535537
003 - CONTROL NUMBER IDENTIFIER
control field GSU
005 - DATE AND TIME OF LATEST TRANSACTION
control field 20260618115959.0
008 - FIXED-LENGTH DATA ELEMENTS--GENERAL INFORMATION
fixed length control field 220505t20232023enka b 001 0 eng d
020 ## - INTERNATIONAL STANDARD BOOK NUMBER
International Standard Book Number 9781529759273 (paperback)
040 ## - CATALOGING SOURCE
Original cataloging agency UKMGB
Language of cataloging eng
Description conventions rda
Transcribing agency GSU
Modifying agency GSU
050 00 - LIBRARY OF CONGRESS CALL NUMBER
Classification number H61.24
Item number BIR
100 1# - MAIN ENTRY--PERSONAL NAME
Personal name Birks, Melanie,
Relator term author.
245 10 - TITLE STATEMENT
Title Grounded theory :
Remainder of title a practical guide /
Statement of responsibility, etc. Melanie Birks, Jane Mills.
250 ## - EDITION STATEMENT
Edition statement 3rd edition.
264 #1 - PRODUCTION, PUBLICATION, DISTRIBUTION, MANUFACTURE, AND COPYRIGHT NOTICE
Place of production, publication, distribution, manufacture London ;
-- Thousand Oaks, California :
Name of producer, publisher, distributor, manufacturer SAGE,
Date of production, publication, distribution, manufacture, or copyright notice ©2023
300 ## - PHYSICAL DESCRIPTION
Extent xii, 274 pages :
Other physical details illustrations ;
Dimensions 25 cm
336 ## - CONTENT TYPE
Content type term text
Content type code txt
Source rdacontent
337 ## - MEDIA TYPE
Media type term unmediated
Media type code n
Source rdamedia
338 ## - CARRIER TYPE
Carrier type term volume
Carrier type code nc
Source rdacarrier
500 ## - GENERAL NOTE
General note Previous edition: 2015.
504 ## - BIBLIOGRAPHY, ETC. NOTE
Bibliography, etc. note Includes bibliographical references (pages 251-265) and index.
505 0# - FORMATTED CONTENTS NOTE
Formatted contents note Part I. Preparing for grounded theory research -- Introducing grounded theory -- Philosophical perspective in grounded theory -- Quality grounded theory processes and products -- Part II. Planning a successful grounded theory study -- Thinking like a grounded theorist -- Proposing your grounded theory research -- Managing yourself and others in grounded theory research -- Part III. Producing grounded theory -- Generating and collecting data -- Data analysis in grounded theory -- From analysis to theory -- Maximising grounded theory impact.
520 ## - SUMMARY, ETC.
Summary, etc. "The student-focused guide to grounded theory, this book takes you step by step through the whole research process, from creating a research proposal to sharing your findings. Packed with tools to help you understand how grounded theory can be applied at each stage of your research project, the book includes: -Interactive activities and critical thinking questions in every chapter so you can put your knowledge into practice -Case studies written by a wide variety of researchers so you can learn how to navigate real world research from people who have been in your shoes -Templates and checklists to help guide your writing and ensure you don't miss a step in the research process. Clear, accessible and applied, this book will help you get to grips with the philosophy of grounded theory, understand the nuts and bolts of designing and carrying out your research project, and manage any hurdles along the way. Explore the accompanying online resources, which include PowerPoint slides, additional templates, and weblinks to videos and journal articles relevant to the key concepts in each chapter."--
Assigning source Publisher's description
650 #0 - SUBJECT ADDED ENTRY--TOPICAL TERM
Topical term or geographic name entry element Grounded theory.
650 #0 - SUBJECT ADDED ENTRY--TOPICAL TERM
Topical term or geographic name entry element Grounded theory
Form subdivision Case studies.
650 #7 - SUBJECT ADDED ENTRY--TOPICAL TERM
Topical term or geographic name entry element Grounded theory.
Source of heading or term fast
700 1# - ADDED ENTRY--PERSONAL NAME
Personal name Mills, Jane
Relator term author.
942 ## - ADDED ENTRY ELEMENTS (KOHA)
Source of classification or shelving scheme Library of Congress Classification
Koha item type Books
Edition Third edition
Classification part H61.24
Call number prefix H
Call number suffix BIR
Suppress in OPAC No
Holdings
Withdrawn status Lost status Source of classification or shelving scheme Damaged status Not for loan Collection code Home library Current library Shelving location Date acquired Source of acquisition Inventory number Total Checkouts Full call number Barcode Date last seen Copy number Price effective from Koha item type
    Library of Congress Classification     General Collection GSU Library Epoch GSU Library Epoch General Stacks 17/06/2026 B A I 05552   H61.24 BIR 50000006890 17/06/2026 1 17/06/2026 Books